LEADER 03408nam 22007215 450 001 9910427707703321 005 20251113174314.0 010 $a3-030-60457-8 024 7 $a10.1007/978-3-030-60457-8 035 $a(CKB)4100000011493455 035 $a(DE-He213)978-3-030-60457-8 035 $a(MiAaPQ)EBC6369422 035 $a(PPN)255063903 035 $a(EXLCZ)994100000011493455 100 $a20201006d2020 u| 0 101 0 $aeng 135 $aurnn|008mamaa 181 $ctxt$2rdacontent 182 $cc$2rdamedia 183 $acr$2rdacarrier 200 10$aNatural Language Processing and Chinese Computing $e9th CCF International Conference, NLPCC 2020, Zhengzhou, China, October 14?18, 2020, Proceedings, Part II /$fedited by Xiaodan Zhu, Min Zhang, Yu Hong, Ruifang He 205 $a1st ed. 2020. 210 1$aCham :$cSpringer International Publishing :$cImprint: Springer,$d2020. 215 $a1 online resource (XXX, 591 p. 317 illus., 146 illus. in color.) 225 1 $aLecture Notes in Artificial Intelligence,$x2945-9141 ;$v12431 311 08$a3-030-60456-X 320 $aIncludes bibliographical references and index. 327 $aTrending Topics (Explainability, Ethics, Privacy, Multimodal NLP) -- Poster -- Explainable AI Workshop -- Student Workshop -- Evaluation Workshop. 330 $aThis two-volume set of LNAI 12340 and LNAI 12341 constitutes the refereed proceedings of the 9th CCF Conference on Natural Language Processing and Chinese Computing, NLPCC 2020, held in Zhengzhou, China, in October 2020. The 70 full papers, 30 poster papers and 14 workshop papers presented were carefully reviewed and selected from 320 submissions. They are organized in the following areas: Conversational Bot/QA; Fundamentals of NLP; Knowledge Base, Graphs and Semantic Web; Machine Learning for NLP; Machine Translation and Multilinguality; NLP Applications; Social Media and Network; Text Mining; and Trending Topics. 410 0$aLecture Notes in Artificial Intelligence,$x2945-9141 ;$v12431 606 $aArtificial intelligence 606 $aComputer engineering 606 $aComputer networks 606 $aImage processing$xDigital techniques 606 $aComputer vision 606 $aComputer science 606 $aSocial sciences$xData processing 606 $aArtificial Intelligence 606 $aComputer Engineering and Networks 606 $aComputer Imaging, Vision, Pattern Recognition and Graphics 606 $aTheory of Computation 606 $aComputer Application in Social and Behavioral Sciences 615 0$aArtificial intelligence. 615 0$aComputer engineering. 615 0$aComputer networks. 615 0$aImage processing$xDigital techniques. 615 0$aComputer vision. 615 0$aComputer science. 615 0$aSocial sciences$xData processing. 615 14$aArtificial Intelligence. 615 24$aComputer Engineering and Networks. 615 24$aComputer Imaging, Vision, Pattern Recognition and Graphics. 615 24$aTheory of Computation. 615 24$aComputer Application in Social and Behavioral Sciences. 676 $a006.35 702 $aZhu$b Xiaodan 801 0$bMiAaPQ 801 1$bMiAaPQ 801 2$bMiAaPQ 906 $aBOOK 912 $a9910427707703321 996 $aNatural Language Processing and Chinese Computing$91912515 997 $aUNINA